[Event "Titled Tue 27th May Late"]
[Site "chess.com INT"]
[Date "2025.05.27"]
[Round "7"]
[White "Chocenka, Dmitrijus"]
[Black "Zilberstein, Dmitry"]
[Result "0-1"]
[WhiteTitle "FM"]
[BlackTitle "IM"]
[WhiteElo "2304"]
[BlackElo "2358"]
[WhiteFideId "12802336"]
[BlackFideId "2010739"]
[EventDate "2025.05.27"]

1. e4 e5 2. d4 exd4 3. Nf3 Nc6 4. Bc4 Nf6 5. e5 d5 6. Bb5 Nd7 7. O-O Be7 8. Bf4
O-O 9. c3 f6 10. cxd4 fxe5 11. Bxe5 Ndxe5 12. Nxe5 Nxe5 13. dxe5 c6 14. Ba4 Qb6
15. Qd2 Rf5 16. Re1 Rxf2 17. Qxf2 Bc5 18. Re2 Be6 19. Nc3 Bxf2+ 20. Rxf2 Rf8 21.
Rf1 Qd4 22. Bb3 Rxf2 23. Rxf2 Qxe5 24. Re2 Qf6 25. h3 h6 26. Rf2 Qd4 27. Kf1 Bf7
28. Bc2 b5 29. a3 a5 30. Ke1 b4 31. axb4 axb4 32. Nd1 c5 33. Rd2 Qg1+ 34. Ke2
Qxg2+ 0-1

[Event "Titled Tue 27th May Late"]
[Site "chess.com INT"]
[Date "2025.05.27"]
[Round "7"]
[White "Nguyen, Ngoc Truong Son"]
[Black "Le, Quang Liem"]
[Result "1/2-1/2"]
[WhiteTitle "GM"]
[BlackTitle "GM"]
[WhiteElo "2632"]
[BlackElo "2729"]
[WhiteFideId "12401110"]
[BlackFideId "12401137"]
[EventDate "2025.05.27"]

1. e4 e5 2. Nf3 Nc6 3. Nc3 Nf6 4. d4 exd4 5. Nxd4 Bb4 6. Nxc6 bxc6 7. Bd3 O-O 8.
O-O Re8 9. Qf3 h6 10. Bd2 d6 11. h3 Rb8 12. Rad1 Nd7 13. Qg3 Qf6 14. a3 Bc5 15.
b4 Bb6 16. Na4 Ne5 17. Nxb6 axb6 18. f4 Qg6 19. Qxg6 Nxg6 20. a4 Ra8 21. Ra1 Ba6
22. a5 Bxd3 23. cxd3 Kf8 24. Rfc1 Ne7 25. g4 bxa5 26. Rxa5 Rxa5 27. bxa5 Ra8 28.
Rb1 Ke8 29. Kf2 c5 30. h4 Nc6 31. h5 f6 32. Ke3 Nxa5 33. Bxa5 Rxa5 34. Rb8+ Ke7
35. Rg8 Kf7 36. Rd8 Ke7 37. Rg8 Kf7 38. Rd8 Ke7 39. Rg8 1/2-1/2

[Event "Titled Tue 27th May Late"]
[Site "chess.com INT"]
[Date "2025.05.27"]
[Round "7"]
[White "Novosel, Lovro"]
[Black "Albertini, Luca"]
[Result "1-0"]
[WhiteTitle "FM"]
[WhiteElo "2346"]
[BlackElo "2139"]
[WhiteFideId "14547120"]
[BlackFideId "847038"]
[EventDate "2025.05.27"]

1. b3 Nf6 2. Bb2 g6 3. g3 Bg7 4. Bg2 O-O 5. c4 d6 6. d4 c6 7. Nf3 Qc7 8. O-O b6
9. Nc3 Bb7 10. Rc1 Nbd7 11. e4 Rad8 12. Re1 e5 13. d5 c5 14. Nh4 Ne8 15. Qd3 Bc8
16. Rf1 Nb8 17. f4 Bh6 18. Rce1 Bg7 19. Nb5 Qe7 20. f5 g5 21. f6 Bxf6 22. Nf5
Bxf5 23. Rxf5 Bg7 24. Bc1 f6 25. h4 h6 26. Qf3 a6 27. Nc3 Rf7 28. Rf1 Bf8 29.
hxg5 hxg5 30. Bxg5 fxg5 31. Rxf7 Qxf7 32. Qxf7+ 1-0

[Event "Titled Tue 27th May Late"]
[Site "chess.com INT"]
[Date "2025.05.27"]
[Round "7"]
[White "Brown, Akeem"]
[Black "Arkell, Keith C"]
[Result "0-1"]
[WhiteTitle "CM"]
[BlackTitle "GM"]
[WhiteElo "2055"]
[BlackElo "2342"]
[WhiteFideId "7402023"]
[BlackFideId "400270"]
[EventDate "2025.05.27"]

1. e4 c6 2. d4 d5 3. Nc3 dxe4 4. Nxe4 Nd7 5. Bd3 Ngf6 6. Ng5 Nb6 7. N1f3 Bg4 8.
h3 Bxf3 9. Nxf3 g6 10. O-O Bg7 11. Re1 O-O 12. c4 Qc7 13. b3 Rad8 14. Qe2 Rfe8
15. a4 a5 16. Bd2 Nbd7 17. Ne5 e6 18. Rad1 Nxe5 19. dxe5 Nd7 20. Bf4 Nc5 21. Bc2
Rxd1 22. Rxd1 Rd8 23. Rxd8+ Qxd8 24. Qe3 b6 25. Bg5 Qc7 26. Bf6 Nd7 27. Bxg7
Kxg7 28. f4 Nc5 29. Kf2 Qd8 30. Kg3 h6 31. Kh2 h5 32. g3 Na6 33. Be4 Nb4 34. Kg2
Qd1 35. Bf3 Qc2+ 36. Be2 c5 37. g4 hxg4 38. hxg4 Nc6 39. Qd3 Qxd3 40. Bxd3 Nd4
41. Kf2 Nxb3 42. f5 gxf5 43. gxf5 Nd4 44. fxe6 fxe6 45. Ke3 Kh6 46. Kf4 Kh5 47.
Be4 Kh4 48. Bb7 Ne2+ 49. Ke3 Nc3 50. Bc6 Kg5 51. Kd2 Na2 52. Be4 Kf4 53. Bd5
Kxe5 0-1

[Event "Titled Tue 27th May Late"]
[Site "chess.com INT"]
[Date "2025.05.27"]
[Round "7"]
[White "Erece, Ece Alkim"]
[Black "Demchenko, Yaroslav"]
[Result "0-1"]
[WhiteTitle "WCM"]
[BlackTitle "CM"]
[WhiteElo "1843"]
[BlackElo "2286"]
[WhiteFideId "6346006"]
[BlackFideId "14186667"]
[EventDate "2025.05.27"]

1. e4 e6 2. d4 d5 3. exd5 exd5 4. Bf4 Nf6 5. Nc3 Bd6 6. Qd2 O-O 7. O-O-O c6 8.
f3 b5 9. Bd3 a5 10. Nge2 a4 11. Bxd6 Qxd6 12. Qf4 Qd8 13. g4 b4 14. Nb1 b3 15.
a3 Ba6 16. h4 Bxd3 17. Rxd3 bxc2 18. Kxc2 Nbd7 19. h5 Rb8 20. g5 Qb6 21. b4
axb3+ 22. Kb2 Ne8 23. h6 g6 24. Ng3 Nc7 25. Nd2 Ne6 26. Qg4 c5 27. Rxb3 Qa5 28.
Rxb8 Qxd2+ 0-1

[Event "Titled Tue 27th May Late"]
[Site "chess.com INT"]
[Date "2025.05.27"]
[Round "7"]
[White "Simonovic, Miroslav"]
[Black "Bongo Akanga Ndjila, Barthelemy"]
[Result "0-1"]
[WhiteTitle "CM"]
[BlackTitle "CM"]
[WhiteElo "2092"]
[BlackElo "1847"]
[WhiteFideId "919152"]
[BlackFideId "10609431"]
[EventDate "2025.05.27"]

1. d4 d5 2. Bg5 c5 3. c3 Nc6 4. e3 Qb6 5. Qc2 e5 6. dxc5 Bxc5 7. Nd2 f6 8. Bh4
Nh6 9. Be2 Bf5 10. Bh5+ g6 11. e4 dxe4 12. Nxe4 gxh5 13. O-O-O O-O 14. Qd2 Kg7
15. Nxf6 Rxf6 16. Qg5+ Rg6 17. Qxh5 Bg4 18. Qg5 Rxg5 19. Bxg5 Bxd1 0-1

[Event "Titled Tue 27th May Late"]
[Site "chess.com INT"]
[Date "2025.05.27"]
[Round "7"]
[White "Raptis, Nick"]
[Black "Sethuraman, Roshan"]
[Result "0-1"]
[WhiteTitle "FM"]
[WhiteElo "2220"]
[BlackElo "2074"]
[WhiteFideId "2016850"]
[BlackFideId "30965250"]
[EventDate "2025.05.27"]

1. d4 Nf6 2. Nc3 d5 3. Bg5 e6 4. e4 dxe4 5. Nxe4 Be7 6. Bxf6 Bxf6 7. Nf3 Nc6 8.
Bd3 O-O 9. c3 e5 10. d5 Nb8 11. Qc2 g6 12. Nxf6+ Qxf6 13. O-O-O c6 14. Rhe1 cxd5
15. Nxe5 Nc6 16. Nf3 Bg4 17. Be2 Bf5 18. Bd3 Nb4 19. cxb4 Rac8 20. Bxf5 Qxf5 21.
Nd4 Qxf2 22. Re2 Rxc2+ 23. Kxc2 Rc8+ 24. Kb1 Qf4 25. Red2 Qe4+ 26. Ka1 Rc4 27.
a3 Kg7 28. h3 h5 29. Ka2 b6 30. Kb3 Qe3+ 31. Rd3 Qe4 32. Nf3 Rc7 33. R1d2 Qc4+
34. Ka4 b5+ 35. Ka5 Qc6 36. Rxd5 Qb6# 0-1

[Event "Titled Tue 27th May Late"]
[Site "chess.com INT"]
[Date "2025.05.27"]
[Round "7"]
[White "Reinecke, Katharina"]
[Black "Zhou, Abigail"]
[Result "0-1"]
[WhiteTitle "WCM"]
[BlackTitle "WCM"]
[WhiteElo "1921"]
[BlackElo "1744"]
[WhiteFideId "12929727"]
[BlackFideId "39922081"]
[EventDate "2025.05.27"]

1. d4 d5 2. c4 e6 3. Nf3 Nf6 4. g3 Be7 5. Bg2 dxc4 6. O-O c5 7. dxc5 Qxd1 8.
Rxd1 Bxc5 9. Nbd2 c3 10. bxc3 Nc6 11. Nb3 Be7 12. Nfd4 Nxd4 13. cxd4 Rb8 14. Bf4
Ra8 15. Nc5 Nd5 16. Be5 f6 17. Bf4 b6 18. Nd3 Bb7 19. e4 Nxf4 20. Nxf4 Kf7 21.
Rac1 Rac8 22. d5 e5 23. Ne6 Ba3 24. Rc7+ Rxc7 25. Nxc7 Rc8 26. Nb5 Bf8 27. d6
Rd8 28. Nxa7 Rxd6 29. Rxd6 Bxd6 30. Nb5 Bc5 31. Kf1 Ba6 32. Ke1 Bxb5 0-1

[Event "Titled Tue 27th May Late"]
[Site "chess.com INT"]
[Date "2025.05.27"]
[Round "7"]
[White "Wu, Derek"]
[Black "Danila, Tudor-Gabriel"]
[Result "1-0"]
[WhiteTitle "FM"]
[BlackTitle "CM"]
[WhiteElo "2232"]
[BlackElo "2178"]
[WhiteFideId "30914558"]
[BlackFideId "1274244"]
[EventDate "2025.05.27"]

1. e4 c5 2. Nf3 d6 3. d4 cxd4 4. Nxd4 Nf6 5. Nc3 g6 6. Be3 Bg7 7. f3 Nc6 8. Qd2
O-O 9. Bc4 Bd7 10. h4 Na5 11. Bb3 Rb8 12. h5 Nxb3 13. cxb3 Re8 14. O-O-O b5 15.
hxg6 fxg6 16. Kb1 e6 17. g4 b4 18. Nce2 Bb5 19. Ng3 Ba6 20. g5 Nd7 21. Qh2 Nf8
22. Nc6 Qc7 23. Nxb8 Rxb8 24. Bd4 Bxd4 25. Rxd4 Qc5 26. Qd2 Rd8 27. Rc1 d5 1-0

[Event "Titled Tue 27th May Late"]
[Site "chess.com INT"]
[Date "2025.05.27"]
[Round "7"]
[White "Hiermann, Dietmar"]
[Black "Bendayan Claros, Aaron"]
[Result "0-1"]
[WhiteTitle "FM"]
[BlackTitle "CM"]
[WhiteElo "2216"]
[BlackElo "2224"]
[WhiteFideId "1602918"]
[BlackFideId "3803392"]
[EventDate "2025.05.27"]

1. e4 c6 2. d4 d5 3. Nd2 dxe4 4. Nxe4 Nf6 5. Ng3 Nbd7 6. Nf3 g6 7. Bd3 Bg7 8. h4
h5 9. Bg5 Nb6 10. Qd2 Bg4 11. Ne5 Qxd4 12. Nxg6 Qxb2 13. O-O fxg6 14. Bxg6+ Kf8
15. Rfe1 Nbd5 16. Rab1 Qc3 17. Qxc3 Nxc3 18. Rxb7 Ncd5 19. c4 Bc8 20. Rb3 Nb6
21. Bxf6 Bxf6 22. Nf5 Nxc4 23. Rbb1 Ne5 0-1

[Event "Titled Tue 27th May Late"]
[Site "chess.com INT"]
[Date "2025.05.27"]
[Round "7"]
[White "Brancaleoni, Maurizio"]
[Black "Gyurjinyan, Valter"]
[Result "0-1"]
[WhiteTitle "FM"]
[BlackTitle "CM"]
[WhiteElo "2185"]
[BlackElo "2208"]
[WhiteFideId "803022"]
[BlackFideId "13318179"]
[EventDate "2025.05.27"]

1. Nf3 Nf6 2. c4 e6 3. b3 d5 4. Bb2 Be7 5. g3 O-O 6. Bg2 c5 7. cxd5 Nxd5 8. O-O
Nc6 9. d4 cxd4 10. Nxd4 Bf6 11. Nxc6 bxc6 12. Qc1 Ba6 13. Re1 Rc8 14. Nc3 Qa5
15. Ne4 Bxb2 16. Qxb2 Rfd8 17. Rac1 c5 18. Red1 h6 19. a3 c4 20. bxc4 Bxc4 21.
Rd2 Ba6 22. Rdc2 Rxc2 23. Qxc2 Qxa3 24. Nc5 Rc8 25. e3 Nb4 26. Qb1 Na2 27. Rc2
Rxc5 28. Be4 Rxc2 29. Qb8+ Rc8 0-1

[Event "Titled Tue 27th May Late"]
[Site "chess.com INT"]
[Date "2025.05.27"]
[Round "7"]
[White "Szpar, Milosz"]
[Black "Haug, Havard"]
[Result "1/2-1/2"]
[WhiteTitle "IM"]
[BlackTitle "FM"]
[WhiteElo "2475"]
[BlackElo "2354"]
[WhiteFideId "1184989"]
[BlackFideId "1547887"]
[EventDate "2025.05.27"]

1. e4 c6 2. d4 d5 3. Nc3 a6 4. h3 dxe4 5. Nxe4 Bf5 6. Qf3 Bxe4 7. Qxe4 Nf6 8.
Qd3 g6 9. Nf3 Bg7 10. g3 O-O 11. Bg2 Nbd7 12. O-O Re8 13. Re1 Qb6 14. Qb3 Qxb3
15. axb3 Nd5 16. c3 e5 17. dxe5 Nxe5 18. Nxe5 Bxe5 19. Bg5 Bf6 20. Bh6 Nc7 21.
Rad1 Rxe1+ 22. Rxe1 Re8 23. Rd1 Rd8 24. Rb1 Ne6 25. Be3 Bg5 26. f4 Be7 27. b4 h5
28. h4 f5 29. Bf1 Kf8 30. Bc4 Nc7 31. Bb6 Rd7 32. Bxc7 Rxc7 33. Rd1 Bf6 34. Rd6
Kg7 35. Be6 Be7 36. Rd7 Rxd7 37. Bxd7 c5 38. Bc8 cxb4 39. cxb4 Bxb4 40. Bxb7 a5
41. b3 Bc5+ 42. Kg2 Bb4 1/2-1/2

[Event "Titled Tue 27th May Late"]
[Site "chess.com INT"]
[Date "2025.05.27"]
[Round "7"]
[White "Sarana, Alexey"]
[Black "Gabrielian, Artur"]
[Result "1-0"]
[WhiteTitle "GM"]
[BlackTitle "GM"]
[WhiteElo "2686"]
[BlackElo "2419"]
[WhiteFideId "24133795"]
[BlackFideId "4131002"]
[EventDate "2025.05.27"]

1. d4 Nf6 2. c4 e6 3. Nc3 Bb4 4. e3 O-O 5. Bd3 d5 6. a3 Bxc3+ 7. bxc3 dxc4 8.
Bxc4 c5 9. Bb2 Qc7 10. Qe2 b6 11. Nf3 Bb7 12. O-O Nbd7 13. Nd2 e5 14. f3 Rad8
15. Rac1 Rfe8 16. e4 exd4 17. cxd4 Qf4 18. Qf2 cxd4 19. Bxd4 Qd6 20. Bb5 Nc5 21.
Bxc5 bxc5 22. Bxe8 Rxe8 23. Nb3 c4 24. Nc5 Bc6 25. Rfd1 Qe5 26. Rxc4 h5 27. Qd4
Qf4 28. Nd3 Qc7 29. Rdc1 Rd8 30. Rxc6 Rxd4 31. Rxc7 Rxd3 32. Rxa7 h4 33. Rc2 Nh5
34. Kf2 Rb3 35. a4 Nf4 36. Rc8+ Kh7 37. Rxf7 Rb2+ 38. Ke3 Nxg2+ 39. Kd4 Ne1 40.
Rcc7 Rg2 41. h3 Rg3 42. f4 Nf3+ 43. Kd5 Ng1 44. a5 Nxh3 45. a6 Nf2 46. a7 h3 47.
a8=Q h2 48. Qf8 1-0

[Event "Titled Tue 27th May Late"]
[Site "chess.com INT"]
[Date "2025.05.27"]
[Round "7"]
[White "Eljanov, Pavel"]
[Black "Zhu, Jiner"]
[Result "1-0"]
[WhiteTitle "GM"]
[BlackTitle "GM"]
[WhiteElo "2668"]
[BlackElo "2541"]
[WhiteFideId "14102951"]
[BlackFideId "8608059"]
[EventDate "2025.05.27"]

1. d4 Nf6 2. Nf3 d5 3. Bf4 e6 4. e3 Bd6 5. Nbd2 O-O 6. c3 Bxf4 7. exf4 Qd6 8. g3
c5 9. dxc5 Qxc5 10. Bd3 b6 11. Qe2 a5 12. Nb3 Qe7 13. Nbd4 Ba6 14. Bxa6 Nxa6 15.
f5 Ne4 16. O-O Nac5 17. fxe6 fxe6 18. Ne5 Rf6 19. f3 Nd6 20. Rae1 Raf8 21. Kg2
h5 22. b4 Na4 23. Qc2 Qe8 24. Nec6 b5 25. bxa5 Nc5 26. Ne5 Qa8 27. Nb3 Ndb7 28.
Ng6 R8f7 29. Nf4 Rxf4 30. gxf4 Rxf4 31. Re5 h4 32. Qg6 Rf6 33. Qg4 Nd3 34. Rg5
Nf4+ 35. Kh1 Rf7 36. Rg1 Qf8 37. a6 Nd6 38. Rxg7+ Rxg7 39. Qxg7+ Qxg7 40. Rxg7+
Kxg7 41. a7 1-0

[Event "Titled Tue 27th May Late"]
[Site "chess.com INT"]
[Date "2025.05.27"]
[Round "7"]
[White "Dominguez, Ramiro"]
[Black "Fedorov, Artem Alek"]
[Result "1-0"]
[WhiteTitle "FM"]
[BlackTitle "CM"]
[WhiteElo "2185"]
[BlackElo "2198"]
[WhiteFideId "4420055"]
[BlackFideId "34418431"]
[EventDate "2025.05.27"]

1. e4 c5 2. Ne2 e6 3. g3 Nc6 4. Bg2 Nf6 5. O-O d5 6. exd5 exd5 7. d4 Bg4 8. Re1
cxd4 9. Nxd4+ Be7 10. f3 Bh5 11. Nf5 O-O 12. Bg5 Bc5+ 13. Kh1 Bg6 14. Nh4 Re8
15. Nc3 Rxe1+ 16. Qxe1 Bxc2 17. Rc1 Nb4 18. Qd2 Nd3 19. Rf1 Nf2+ 20. Rxf2 Bxf2
21. Qxc2 Bb6 22. Nf5 d4 23. Nd5 Qd7 24. Bxf6 Rc8 25. Nde7+ 1-0

[Event "Titled Tue 27th May Late"]
[Site "chess.com INT"]
[Date "2025.05.27"]
[Round "7"]
[White "Klekowski, Maciej"]
[Black "Rostomyan, Mikayel"]
[Result "1-0"]
[WhiteTitle "GM"]
[BlackTitle "FM"]
[WhiteElo "2474"]
[BlackElo "2325"]
[WhiteFideId "1132717"]
[BlackFideId "13313754"]
[EventDate "2025.05.27"]

1. Nf3 Nf6 2. b3 g6 3. Bb2 Bg7 4. g3 b6 5. Bg2 Bb7 6. O-O O-O 7. d4 d6 8. a4 a6
9. Nbd2 Nbd7 10. Re1 Re8 11. e4 e6 12. a5 c5 13. e5 dxe5 14. dxe5 Nd5 15. Nc4
Bc6 16. axb6 N7xb6 17. Na5 Bd7 18. Nb7 Qc7 19. Nd6 Red8 20. c4 Nb4 21. Ng5 Bc6
22. Ngxf7 Rf8 23. Ng5 Bxg2 24. Kxg2 Qc6+ 25. Kg1 Qd7 26. Ra5 h6 27. Nge4 Nc6 28.
Rxc5 Qc7 29. Qg4 Nd7 30. Qxg6 Nxc5 31. Nf6+ Rxf6 32. exf6 Nxb3 33. f7+ 1-0

[Event "Titled Tue 27th May Late"]
[Site "chess.com INT"]
[Date "2025.05.27"]
[Round "7"]
[White "Metin, Enis"]
[Black "Hariharan, Shambavi"]
[Result "1-0"]
[BlackTitle "WCM"]
[WhiteElo "2169"]
[BlackElo "1892"]
[WhiteFideId "26306948"]
[BlackFideId "488160"]
[EventDate "2025.05.27"]

1. e4 e5 2. Nf3 Nc6 3. Bb5 a6 4. Ba4 Nf6 5. O-O Be7 6. Re1 b5 7. Bb3 d6 8. c3
O-O 9. h3 Na5 10. Bc2 c5 11. d4 Qc7 12. Nbd2 cxd4 13. cxd4 Nc6 14. Nb3 Nb4 15.
Bb1 a5 16. Be3 Bd7 17. a3 Na6 18. Bd3 exd4 19. Rc1 Qb7 20. Bxd4 a4 21. Na5 Qb8
22. Nc6 Bxc6 23. Rxc6 Qb7 24. Rb6 Qc7 25. Rxb5 h6 26. Qxa4 Nc5 27. Qc2 Qd7 28.
Bxc5 dxc5 29. Bc4 Nh5 30. Rd1 Qc7 31. e5 Nf4 32. Qe4 Ne6 33. Rb7 Qc8 34. Rxe7 1-0

[Event "Titled Tue 27th May Late"]
[Site "chess.com INT"]
[Date "2025.05.27"]
[Round "7"]
[White "May Sanchez, Andres Elias"]
[Black "Moreira, Ronaldo Alonso"]
[Result "0-1"]
[WhiteTitle "CM"]
[WhiteElo "2209"]
[BlackElo "2097"]
[WhiteFideId "5150973"]
[BlackFideId "2110547"]
[EventDate "2025.05.27"]

1. e4 e6 2. d4 d5 3. Nd2 Nc6 4. Ngf3 Nf6 5. e5 Nd7 6. c3 f6 7. exf6 Qxf6 8. Bd3
Bd6 9. Nf1 e5 10. dxe5 Ncxe5 11. Be2 c6 12. Ng3 O-O 13. O-O Nc5 14. Be3 Ne4 15.
Qb3 Nxg3 16. fxg3 Ng4 17. Bd4 Qh6 18. h3 Bxg3 19. hxg4 Rxf3 20. Rxf3 Qh2+ 21.
Kf1 Qh1+ 22. Bg1 Bh2 23. Rf8+ Kxf8 0-1

[Event "Titled Tue 27th May Late"]
[Site "chess.com INT"]
[Date "2025.05.27"]
[Round "7"]
[White "Holinka, Henning"]
[Black "Thorhallsson, Simon"]
[Result "1-0"]
[WhiteTitle "FM"]
[BlackTitle "FM"]
[WhiteElo "2303"]
[BlackElo "2218"]
[WhiteFideId "12967084"]
[BlackFideId "2310090"]
[EventDate "2025.05.27"]

1. h4 d5 2. g3 Nf6 3. Bh3 Bxh3 4. Nxh3 c5 5. O-O Nc6 6. d3 h6 7. Nc3 e5 8. e4 d4
9. Ne2 Qd7 10. Kg2 O-O-O 11. f4 exf4 12. Nexf4 Ne5 13. Nh5 Nfg4 14. Qe2 Be7 15.
Nxg7 Bxh4 16. gxh4 Rhg8 17. Nf5 Ne3+ 18. Kh1 Nxf1 19. Qxf1 Rg4 20. Bf4 Qe6 21.
Bxe5 Qxe5 22. Qf3 Rdg8 23. Rg1 Rxg1+ 24. Nxg1 Rg6 25. Ne2 a6 26. Nf4 Rf6 27. Nd5
Re6 28. Qf4 Qf6 29. Nxf6 1-0

[Event "Titled Tue 27th May Late"]
[Site "chess.com INT"]
[Date "2025.05.27"]
[Round "7"]
[White "Materia, Marco"]
[Black "Suleymanli, Suleyman"]
[Result "0-1"]
[WhiteTitle "IM"]
[BlackTitle "FM"]
[WhiteElo "2489"]
[BlackElo "2322"]
[WhiteFideId "45150451"]
[BlackFideId "13416375"]
[EventDate "2025.05.27"]

1. Nf3 d5 2. g3 Nf6 3. Bg2 c6 4. O-O Bg4 5. h3 Bh5 6. d3 Nbd7 7. Nbd2 e5 8. e4
Bd6 9. c3 O-O 10. Qc2 Re8 11. Re1 a5 12. a4 Qb6 13. Nf1 Bxf3 14. Bxf3 Rad8 15.
Ne3 dxe4 16. dxe4 Bc5 17. Kg2 Nf8 18. Nc4 Qc7 19. Bg5 N8d7 20. Rad1 h6 21. Bc1
b5 22. Ne3 Nf8 23. axb5 cxb5 24. Nd5 Nxd5 25. exd5 Qd6 26. b3 b4 27. c4 Nd7 28.
Bb2 g6 29. h4 f5 30. h5 e4 31. Be2 g5 32. f3 Nf6 33. Bxf6 Qxf6 34. fxe4 fxe4 35.
Rf1 Qc3 36. Qb1 Bd6 37. Bd3 exd3 38. Rxd3 Re2+ 39. Kh3 Qe5 40. Rdf3 g4+ 41. Kh4
Qg5# 0-1

[Event "Titled Tue 27th May Late"]
[Site "chess.com INT"]
[Date "2025.05.27"]
[Round "7"]
[White "Sharankov, Grigory"]
[Black "Avramidou, Anastasia"]
[Result "1-0"]
[WhiteTitle "CM"]
[BlackTitle "FM"]
[WhiteElo "2238"]
[BlackElo "2294"]
[WhiteFideId "4168356"]
[BlackFideId "4239873"]
[EventDate "2025.05.27"]

1. e4 e6 2. Nf3 d5 3. Nc3 d4 4. Ne2 c5 5. c3 Nc6 6. cxd4 cxd4 7. Qa4 Bc5 8. b4
Bxb4 9. Nexd4 Be7 10. Bb5 Bd7 11. Nxc6 bxc6 12. Bxc6 Rc8 13. Bxd7+ Qxd7 14.
Qxd7+ Kxd7 15. Bb2 Nf6 16. Ne5+ Ke8 17. f3 Nd7 18. Nxd7 Kxd7 19. Ke2 g6 20. Bxh8
Rxh8 21. Rab1 Bc5 22. Rhc1 Bb6 23. a4 f5 24. a5 Bxa5 25. Rb7+ Kd6 26. Rxa7 Bb4
27. Rc4 Rb8 28. d4 fxe4 29. fxe4 e5 30. d5 Rb6 31. Rac7 Ba5 32. R4c6+ Rxc6 33.
Rxc6+ Kd7 34. Ra6 Bc7 35. h4 Bd6 36. g4 Bc5 37. h5 gxh5 38. gxh5 h6 39. Rxh6 Bd4
40. Re6 Bc5 41. h6 Bf8 42. h7 Bg7 43. Rg6 Bh8 44. Rg8 Bf6 45. Rf8 Ke7 46. Rxf6
Kxf6 47. h8=Q+ 1-0

[Event "Titled Tue 27th May Late"]
[Site "chess.com INT"]
[Date "2025.05.27"]
[Round "7"]
[White "Calvo Gonzalez, Jose Felix"]
[Black "Ferreira, Vitor Hugo Vieira"]
[Result "1-0"]
[WhiteTitle "CM"]
[WhiteElo "2168"]
[BlackElo "2128"]
[WhiteFideId "54505615"]
[BlackFideId "2119765"]
[EventDate "2025.05.27"]

1. e4 c5 2. Nf3 d6 3. d4 cxd4 4. Nxd4 Nf6 5. Nc3 a6 6. Bg5 e6 7. f4 Be7 8. Qf3
h6 9. Bh4 Qc7 10. O-O-O Nbd7 11. Bd3 g5 12. fxg5 Ne5 13. Qe2 Nfg4 14. h3 hxg5
15. Bg3 Nxd3+ 16. cxd3 Ne5 17. Nf3 Bd7 18. Nxe5 dxe5 19. d4 Bd6 20. d5 O-O-O 21.
Kb1 Kb8 22. Rc1 Qa5 23. Rhd1 f6 24. dxe6 Bxe6 25. Nd5 Rc8 26. Be1 Rxc1+ 27. Rxc1
Qd8 28. Rd1 f5 29. Bf2 f4 30. Bg1 b5 31. Qf2 Rh7 32. Nf6 Rb7 33. Qd2 Qxf6 34.
Qxd6+ Kc8 35. Rc1+ Bc4 36. Qxf6 1-0

[Event "Titled Tue 27th May Late"]
[Site "chess.com INT"]
[Date "2025.05.27"]
[Round "7"]
[White "Ertan, Can"]
[Black "Marchesich, Giovanni"]
[Result "0-1"]
[WhiteTitle "IM"]
[BlackTitle "CM"]
[WhiteElo "2369"]
[BlackElo "2219"]
[WhiteFideId "6306330"]
[BlackFideId "2824790"]
[EventDate "2025.05.27"]

1. e4 d5 2. exd5 Qxd5 3. Nc3 Qe5+ 4. Be2 c6 5. Nf3 Qc7 6. O-O Bf5 7. d4 e6 8.
Re1 Nf6 9. d5 cxd5 10. Bb5+ Nbd7 11. Nxd5 Qd6 12. Nxf6+ gxf6 13. Bf4 Qxd1 14.
Raxd1 O-O-O 15. Nd4 Bg6 16. Be3 a6 17. Ba4 Nc5 18. Bb3 Nxb3 19. cxb3 Bb4 20.
Rc1+ Kb8 21. Red1 Bd6 22. f3 Bc7 23. Ne2 Rxd1+ 24. Rxd1 Rd8 25. Rxd8+ Bxd8 26.
Kf2 Bc7 27. Bf4 e5 28. Bh6 Kc8 29. Bg7 Bd8 30. Ke3 Kd7 31. Nc3 Bb6+ 0-1

[Event "Titled Tue 27th May Late"]
[Site "chess.com INT"]
[Date "2025.05.27"]
[Round "7"]
[White "Gergacz, Attila"]
[Black "Rabin, Evan"]
[Result "1-0"]
[WhiteTitle "IM"]
[WhiteElo "2383"]
[BlackElo "1945"]
[WhiteFideId "730157"]
[BlackFideId "2028670"]
[EventDate "2025.05.27"]

1. e4 Nf6 2. e5 Nd5 3. c4 Nb6 4. d4 d6 5. exd6 cxd6 6. Nc3 g6 7. Be2 Bg7 8. Be3
O-O 9. Rc1 Nc6 10. Nf3 Bg4 11. b3 d5 12. c5 Nc8 13. O-O e6 14. h3 Bxf3 15. Bxf3
N8e7 16. g4 f5 17. Ne2 fxg4 18. Bxg4 Nf5 19. Qd2 h5 20. Bg5 Bf6 21. Bxf6 Qxf6
22. Bxf5 Qxf5 23. Qe3 Rae8 24. f4 Kg7 25. Kg2 Qf6 26. Rf3 Ne7 27. Qf2 Nf5 28.
Kh2 Nh4 29. Rg3 e5 30. dxe5 Rxe5 31. Rcg1 Re4 32. Rg5 Rfe8 33. Ng3 Kh7 34. Nxe4
Rxe4 35. Qxh4 Rxf4 36. Qg3 Rf3 37. Qc7+ Kh6 38. Rxg6+ Qxg6 39. Rxg6+ Kxg6 40.
Qd6+ Kf5 41. Qxd5+ Kf4 42. Qxb7 Rf2+ 43. Qg2 Rxg2+ 44. Kxg2 Ke5 45. Kg3 Kd5 46.
Kh4 Kxc5 47. Kxh5 Kb4 48. Kg5 Ka3 49. h4 Kxa2 50. h5 Kxb3 51. h6 a5 52. h7 a4
53. h8=Q 1-0

[Event "Titled Tue 27th May Late"]
[Site "chess.com INT"]
[Date "2025.05.27"]
[Round "7"]
[White "Provaznik, Michal"]
[Black "Montiel, Angel Nathanael"]
[Result "1-0"]
[WhiteTitle "CM"]
[BlackTitle "CM"]
[WhiteElo "2050"]
[BlackElo "2011"]
[WhiteFideId "315273"]
[BlackFideId "3706923"]
[EventDate "2025.05.27"]

1. e4 a6 2. d4 h6 3. Nc3 d6 4. Nf3 e6 5. Bd3 Be7 6. O-O Bd7 7. Re1 c5 8. dxc5
dxc5 9. a4 Bc6 10. Qe2 Nf6 11. h3 Nbd7 12. Bf4 O-O 13. Rad1 Qe8 14. a5 Qd8 15.
Ra1 Rc8 16. e5 Nd5 17. Bg3 Nxc3 18. bxc3 Re8 19. Red1 Qc7 20. c4 Nf8 21. Nd2
Rcd8 22. Ne4 Bxe4 23. Qxe4 Ng6 24. h4 Rd4 25. Qf3 Nxh4 26. Qh5 Qd8 27. f4 Bf8
28. Bxh4 Qc8 29. Qg4 Kh8 30. c3 Rd7 31. f5 exf5 32. Bxf5 Rxd1+ 33. Rxd1 Qc7 34.
Rd7 Qxe5 35. Rxf7 Qe3+ 36. Kh2 Qxc3 37. Qg6 Kg8 38. Rxb7 Re7 39. Rxe7 Bxe7 40.
Be6+ Kh8 41. Bxe7 Qe5+ 42. Kh3 Qe3+ 43. g3 Qf3 44. Qe8+ Kh7 45. Bg8+ Kh8 46.
Bf7+ Kh7 47. Qg8# 1-0